000 00410nam a22001217a 4500
999 _c10197
_d10197
003 OSt
008 201218b ||||| |||| 00| 0 eng d
245 _aIEEMA Journal
250 _a2009(Feb Vol.29 No.2, Apr Vol.29 No.4, Jul Vol.29 No.7, Sep Vol.29 No.9)
260 _aMumbai
_bIndian Electrical and Electronics Manufacturers Association
650 _aElectronics and Communication Engineering
942 _2ddc
_cBV